Programming in C (Record no. 28)

MARC details
000 -LEADER
Fixed length control field 00548nam a2200205 4500
003 - CONTROL NUMBER IDENTIFIER
Control field SEACOMMC
005 - DATE AND TIME OF LATEST TRANSACTION
Control field 20231010050511.0
008 - FIXED-LENGTH DATA ELEMENTS--GENERAL INFORMATION
Fixed length control field 231010b |||||||| |||| 00| 0 eng d
020 ## - INTERNATIONAL STANDARD BOOK NUMBER / ISBN
Price Rs. 125.00
040 ## - CATALOGING SOURCE
Original cataloging agency SEACOMMC
082 ## - DEWEY DECIMAL CLASSIFICATION NUMBER
Classification number 005.133
Book Number RAM
100 1# - MAIN ENTRY--PERSONAL NAME
Personal name Ramaswamy, S.
245 1# - TITLE STATEMENT
Title Programming in C
Statement of responsibility S. Ramaswamy and P. Radhaganesan
260 ## - IMPRINT
Place of publication Chennai
Name of publisher Scitech
Date of publication 2005
650 ## - SUBJECT ADDED ENTRY--TOPICAL TERM
Topical term Computer science
650 ## - SUBJECT ADDED ENTRY--TOPICAL TERM
Topical term Computer programming, programs, data
650 ## - SUBJECT ADDED ENTRY--TOPICAL TERM
Topical term Programming languages
700 1# - ADDED ENTRY--PERSONAL NAME
Personal name Radhaganesan, P.
942 ## - ADDED ENTRY ELEMENTS (KOHA)
Koha item type Books

No items available.

© Seacom Engineering College, All rights reserved.    Powered by Koha